Statistiques concernant Héros littéraires #1

Cliquez ici pour prendre le quiz!

Statistiques générales

  • Ce quiz a été pris 9 924 fois
  • Le résultat moyen est 7 sur 15

Statistiques - réponses

IndiceHéros% Correct
Il vit sur une autre planète et cherche un ami pour protéger sa roseLe Petit Prince
91%
Elle tombe dans un trou et fait d'étranges rencontresAlice
90%
Gentilhomme gascon monté à Paris servir le roi et qui nourrira une amitié indéfectible pour trois de ses camaradesD'Artagnan
68%
Un enfant élevé chez les loups et éduqué par un oursMowgli
64%
Violoniste cocaïnomane habitant Baker StreetSherlock Holmes
61%
Kleptomane charmeurArsène Lupin
54%
Il est amoureux d'une personne qu'il ne connaît pas et combat des moulins à vent.Don Quichotte
51%
Il a de grands pieds poilus, aime son petit confort, et prétend sauver le monde en cherchant une bague !Bilbo
50%
Gentilhomme gascon monté à Paris affublé d'une difformité qui le complexera toute sa vieCyrano de Bergerac
41%
La jeune épouse d'un médecin de campagne meurt d'ennui en NormandieMadame Bovary
41%
Il est déchiré entre son honneur et son amour pour ChimèneLe Cid
39%
Noble européen aux dents longuesDracula
35%
Flic parisien imaginé par un écrivain belge ayant vécu en Suisse (où il est mort).Maigret
18%
Femme de petite vertu dont l'ascension fulgurante et la chute accompagnent la fin du Second EmpireNana
15%
Un anglais très, très, très discretL'homme invisible
6%

Distribution des résultats

Percentile par nombre de réponses

% des personnes avec chaque résultat

Votre développement - résultats

Vous n’avez pas pris ce quiz